Hawaii - True or False - Statistics

General Stats
  • This quiz has been taken 326 times
  • The average score is 9 of 15
Answer Stats
Question Answer % Correct
There are only 12 letters in the Hawaiian alphabet. True
79%
The Hawaiian islands were previously ruled under a monarchy. True
79%
Hawaii is often called "The Rainbow State" True
74%
Hawaii is the 49th state, with New Mexico being the 50th. (Meaning the time the Statehood was granted) False
71%
There are many snakes in Hawaii. False
71%
Jurassic Park (1993) was filmed in Hawaii. True
71%
Hawaii is the only state with 2 official languages; English and Hawaiian. True
71%
They don't actually grow coffee in Hawaii- it's just a myth. False
66%
You can mail coconuts in Hawaii without a box, or any type of wrapping. True
63%
Hawaii is the most isolated population center on Earth. True
58%
Surfing actually wasn't invented in Hawaii. False
55%
Hawaii consists of 10 different islands. False
55%
Hawaii's average temperature (In the summer) is 100 degrees. False
50%
The day after Labor Day, Hawaiians wear white. True
39%
Some parts of Hawaii are actually pretty cold- with the average temperature at 38 degrees. False
24%
No matching quizzes found
Score Distribution
Percent of People with Each Score
Percentile by Number Answered
Your Score History
You have not taken this quiz